| 000 | 00752 a2200193 4500 | ||
|---|---|---|---|
| 999 |
_c5980 _d5980 |
||
| 020 | _a9780521658218 | ||
| 050 | 0 | 0 | _aQD453.2L33 1997 |
| 100 | 1 |
_aLadd, Mark _eauthor |
|
| 245 | 1 | 0 |
_aIntroduction to physical chemistry / _cMark Ladd. |
| 250 | _a3rd ed. | ||
| 264 |
_aCambridge: _bCambridge University Press, _c1998 |
||
| 300 |
_axix, 538 p. : _bill. ; |
||
| 500 | _aIncludes index. | ||
| 650 | 0 | _aChemistry, Physical and theoretical. | |
| 856 | 4 | 2 |
_3Publisher description _uhttp://www.loc.gov/catdir/description/cam028/96037799.html |
| 856 | 4 | 1 |
_3Table of contents _uhttp://www.loc.gov/catdir/toc/cam021/96037799.html |
| 942 |
_2lcc _cBK _e3rd ed. _h453.2.L 33 _iMAR _kQD |
||